Quizzes
Events
Quiz Creation
Community
Videos
Private Events
Remove Ads
Sign In
Join for FREE
Feedback
Dark Mode
Quiz Categories
Sports
Geography
Music
Movies
Television
Just For Fun
Miscellaneous
History
Literature
Language
Science
Gaming
Entertainment
Religion
Holiday
For Kids
Quiz Lab
Recent
Popular Today
Quiz Kudos Today
Editor Picks
Curator Picks
Quizzes by...
Day
Popularity
Type
Ratings
Length
Year
Community
Subscriptions
Recent Discussions
Orange Saloon
Badges
Playlists
Quests
Create
Leaderboards
Showdown
Live 5
Trivia Bingo
Activity
Puzzle Library
Sporcle Events
Private Events
Virtual Trivia
Globe League
Become a Host
Pub Owners
SporcleCon
Opinionation
Our Games
Videos
Blog
Mobile Apps
Partnerships
Remove Ads and Go Orange
Feedback
Sports
Athletes
MLB
NBA
NHL
NFL
Soccer
Sports Teams
WWE
NCAA
Football
Premier League
Basketball
Baseball
Hockey
Golf
Tennis
Cricket
Rugby
Auto Racing
Olympics
World Cup
Sports
Athletes
MLB
NBA
NHL
NFL
Soccer
Sports Teams
WWE
NCAA
Football
Premier League
Basketball
Baseball
Hockey
Golf
Tennis
Cricket
Rugby
Auto Racing
Olympics
World Cup
Random Quiz
Search Sporcle
×
Quiz Lab
Quiz Lab
Sports
professional
Type in answers that appear in a list
Type in answers that appear in a list
Classic
Best Score? Go Orange.
Bike brands of the pro cycling teams Stats
Can you name the bike brands of the pro cycling teams?
By
stebolla
10m
41 Questions
179 Plays
179 Plays
179 Plays
Comments
Comments
Give Quiz Kudos
Give Quiz Kudos
-
- Ratings
hide this ad
More Info
Forced Order
Answers have to be entered in order
Answers have to be entered in order
Replay
Link that replays current quiz
Next Quiz
Link to next quiz in quiz playlist
You Got
0%
They Got
Avg Score
43%
Avg Friend Score
Upgrade to see
Score Distribution
Jump to the score distribution portion of the page
Score
0/41
Timer
10:00
0
Plays Today
Team
Brand
% Correct
BMC racing team
bmc
97.2%
Cannondale drapac
cannondale
96.1%
Trek segafredo
trek
90.5%
Team giant alpecin
giant
89.9%
Team sky
pinarello
87.2%
Etixx quick step
specialized
85.5%
Lampre Merida
merida
85.5%
Lotto nl jumbo
bianchi
79.3%
Movistar team
canyon
79.3%
Tinkoff
specialized
78.2%
Orica bikeexchange
scott
74.9%
Team katusha
canyon
73.2%
Astana pro team
specialized
70.9%
FDJ
lapierre
69.8%
Bora argon 18
argon 18
69.3%
Lotto soudal
ridley
68.7%
Dimension data
cervelo
63.7%
Wilier triestina
wilier
58.7%
Ag2r la mondiale
focus
55.3%
IAM cycling
scott
40.8%
Cofidis
orbea
33.5%
Team
Brand
% Correct
Direct energie
bh
26.8%
Wanty group gobert
cube
26.3%
Fortuneo vital concept
look
22.9%
Bardiani csf
cipollini
21.8%
Gazprom rusvelo
colnago
21.8%
Delko marseille
ktm
16.8%
Nippo vini fantini
de rosa
14%
Topsport vlandereen
merckx
14%
Caja rural
fuji
13.4%
One pro cycling
factor
11.2%
Roompot oranje
isaac
10.1%
Team novo nordisk
colnago
9.5%
Drapac
swift
8.9%
CCC sprandi
guerciotti
7.8%
Unitedhealthcare
wilier
6.7%
Androni giocattoli
kuota
6.1%
VERVA activejet
trek
5%
Funivic
soul
4.5%
Stolting service group
rose
4.5%
Team roth
corratec
0.6%
Quiz Playlist
Details
Report
Send in Message
Add To Playlist
More Info:
can you guess which bike brand was sponsoring each in the 2016 season?
Classic:
Type in answers that appear in a list
Forced Order:
Answers have to be entered in order
Last Updated: Apr 25, 2017
Quiz Scoreboard
CHALLENGE
Sign Up to Join the Scoreboard
Show All
Scores
Hide
Comments
May contain spoilers
Recently Published
Movies - When Are They Set?
by FPL_Elf
Movies
5m
Popular People in 1961
by mucciniale
History
6m
1-10 Letter E Words III
by El_Dandy
Language
2m
More to Explore
Quiz From the Vault
Featured Blog Post
Where Did the Easter Bunny Come From?
hide this ad
You Might Also Like...
Tags
2016
Cycle
Cycling
Cycling Team
professional
season
UCI Cycling
Today's Top Quizzes in Sports
Browse Sports
hide this ad
Today's Top Quizzes in professional
Browse professional
Top Contributed Quizzes in Sports
1
Les meilleurs buteurs des matchs entre le PSG et l’OM
2
FIFA Club World Cup Champions
3
Les entraîneurs de l'OM et du PSG au 21e siècle
4
2022 World Cup Stars
5
Name the Premier League winners with different clubs
6
La finale Lions - Afrique du Sud 2021
7
Criteria MLB: Left Handed Sluggers
8
Les joueurs passés par le LOSC et le RC Lens
9
Players with Multiple 50 Home Run Seasons
10
MLB Players with Two .350 Batting Average Seasons
Explore More
Trending Topics
NBA
Kpop
Harry Potter
Marvel
Disney
Crossword
Anime
Soccer
Pokémon
Puzzle
Country
Song
NFL
The Office
WWE
hide this ad
More By:
stebolla
Quiz
Plays
Rating
Category
Featured
Created
bikes of the tour de france
341
5.00
Sports
Jan 8, 2017
bike brands of the pro cycling teams
179
5.00
Sports
Jan 8, 2017
Go to Creator's Profile
Score Distribution
Quiz Creator Spotlight
stebolla
Follow
Send a Message
Quizzes Created
-
Created Quiz Play Count
-
More By This Creator
Popular Quizzes Today
1
Find the Countries of Europe - No Outlines Minefield
2
Find the US States - No Outlines Minefield
3
The Countries of the World
4
Popular People in 1961
5
1-10 Letter E Words III
6
US States
7
Find the US States
8
One Thing in Common: World Cities II
More Sports Quizzes
Les entraîneurs à +100 matches en L1 au 21e siècle
Quiz Lab
Trending Quizzes
Risky Map Clicking: Least Populous States A-Z
Humor Books: The Subtitles
1-10 Letter F Words
1-10 Letter G Words
One Thing in Common: United Kingdom
Recently Updated
Leaping Animals
pecheneg
Reality TV Shows (A-Z)
bhenderson79
Rickey Henderson's Hall of Fame Teammates
pecheneg
Champions League XIs: Arsenal
pecheneg
Quick Pick: Celebrities in WWE's Hall of Fame
aduchscher
A-Z Keypad Blitz II
pecheneg
Multiple Oscar Actors
pecheneg
Mystery Phrase Blitz: Oscar 'Best Actors'
pecheneg
F. Scott Fitzgerald Novels
LTH
Pick 3 Villains
ddd62291
Trending Topics
Marvel
Harry Potter
Kpop
Crossword
Disney
NBA
Anime
Country
WWE
The Office
Pokémon
NFL
Puzzle
Song
Soccer
Your Account Isn't Verified!
In order to create a playlist on Sporcle, you need to verify the email address you used during registration. Go to your
Sporcle Settings
to finish the process.
Report this User
Report this user for behavior that violates our
Community Guidelines
.
Details:
Send Report
Go to the Sporcle.com Mobile Site →
Comments